00816 2200265 4500001002100000005001700021008004100038035002400079082001900103090002400122245010100146260009100247300001900338650002900357650003100386700002600417850001500443980001300458985000600471986001300477999001500490999001500505999001500520999001500535YOGYA-0209000001661620090227022652.0 ind  0010-020900000016616 a398.2109921124 a398.2109921124bFol aFOLKLORE Simalungunb(cerita si Johana)cdikumpulkan dan dialih bahasa oleh Henry Guntur Tarigan aJakartabDepdikbud Proyek Penerbitan Buku Bacaan dan Sastra Indonesia dan Daerahc1980 a115 hlmc20 cm aCerita rakyat Simalungun aSimalungun - Cerita rakyat aTARIGAN, Henry Guntur aYOPDYOG(B) a24-10-05 a4 afwhrtrev aa000057577 aa000057578 aa000057579 aa000057580